| 000 | 00567nam a2200157 i 4500 | ||
|---|---|---|---|
| 001 | 94409 | ||
| 003 | ES-MaACL | ||
| 005 | 20250516063029.0 | ||
| 007 | t| | ||
| 008 | 050429s1920 sp ||||1| spa d | ||
| 100 | 1 |
_aLorenzo, Anselmo, _d1841-1914 _9240499 |
|
| 245 | 1 | 0 |
_aCriterio literario _b: conferencia leida en 4 y 20 de Septiembre de 1903 en el Centro Fraternal de Cultura de Barcelona y en la inaguración del Centro Obrero de Sabadell. |
| 260 |
_aBarcelona : _b[s.n.], _c1920 ( _f"Germinal") |
||
| 852 |
_aES-MaACL _j1636-F-3 |
||
| 999 |
_c94409 _d94409 |
||